000
00287nam a2200121Ia 4500
008
230303s9999 xx 000 0 und d
041
_a
eng
082
_a
621.3191 RAM
100
_a
Ram ( Badri )
245
_a
Power System Protection and Switchgear
260
_a
ND
_b
MGH
365
_c
RS
999
_c
185918
_d
185918